Database systems modles language design and aplication programming (Record no. 7913)
[ view plain ]
| 000 -LEADER | |
|---|---|
| fixed length control field | 00332nam a2200121Ia 4500 |
| 008 - FIXED-LENGTH DATA ELEMENTS--GENERAL INFORMATION | |
| fixed length control field | 191201s2009 xx 000 0 und d |
| 100 ## - MAIN ENTRY--PERSONAL NAME | |
| Personal name | ELMASRI,Ramez |
| 245 #0 - TITLE STATEMENT | |
| Title | Database systems modles language design and aplication programming |
| 250 ## - EDITION STATEMENT | |
| Edition statement | IMP 3rd |
| 260 ## - PUBLICATION, DISTRIBUTION, ETC. (IMPRINT) | |
| Date of publication, distribution, etc | 2009 |
| Name of publisher, distributor, etc | pearson |
| Place of publication, distribution, etc | NEW DELHI |
| 300 ## - PHYSICAL DESCRIPTION | |
| Extent | 1214 |
| 942 ## - ADDED ENTRY ELEMENTS (KOHA) | |
| Source of classification or shelving scheme | Dewey Decimal Classification |
| Koha item type | Text Books |
| 942 ## - ADDED ENTRY ELEMENTS (KOHA) | |
| -- | 2 |
| Withdrawn status | Lost status | Source of classification or shelving scheme | Damaged status | Not for loan | Collection code | Home library | Current library | Date acquired | Source of acquisition | Cost, normal purchase price | Bill Number | Total Checkouts | Full call number | Acc. no. / Barcode | Date last seen | Date last borrowed | Actual Cost, discounted price | Bill Date | Koha item type |
|---|---|---|---|---|---|---|---|---|---|---|---|---|---|---|---|---|---|---|---|
| Dewey Decimal Classification | BCA | PIET C-LIBRARY | PIET C-LIBRARY | 23/07/2014 | Orange Books International | 699.00 | 4540 | 1 | 005.74 ELD | BC992 | 05/12/2025 | 27/11/2025 | 489.30 | 23/07/2014 | Text Books | ||||
| Dewey Decimal Classification | BCA | PIET C-LIBRARY | PIET C-LIBRARY | 23/07/2014 | Orange Books International | 699.00 | 4540 | 3 | 005.74 ELD | BC993 | 24/12/2025 | 17/12/2025 | 489.30 | 23/07/2014 | Text Books | ||||
| Dewey Decimal Classification | BCA | PIET C-LIBRARY | PIET C-LIBRARY | 23/07/2014 | Orange Books International | 699.00 | 4540 | 4 | 005.74 ELD | BC994 | 18/03/2026 | 06/03/2026 | 489.30 | 23/07/2014 | Text Books |